Metal and Hardrock albums of 1980 - Statistics

General Stats
  • This quiz has been taken 130 times
  • The average score is 17 of 50
Answer Stats
Hint Answer % Correct
38 Back In Black AC/DC
94%
32 Iron Maiden Iron Maiden
94%
6 Blizzard Of Ozz Ozzy Osbourne
91%
1 Heaven And Hell Black Sabbath
88%
26 Ace Of Spades Motörhead
88%
42 British Steel Judas Priest
87%
20 Unmasked Kiss
71%
34 Animal Magnetism Scorpions
60%
19 Strong Arm Of The Law Saxon
58%
44 Wheels Of Steel Saxon
58%
7 The Michael Schenker Group Michael Schenker Group
57%
28 Angel Witch Angel Witch
56%
41 On Through The Night Def Leppard
51%
23 Women And Children First Van Halen
45%
8 I'm A Rebel Accept
44%
24 Chinatown Thin Lizzy
43%
35 Permanent Waves Rush
39%
13 Ready An' Willing Whitesnake
39%
39 Live... In The Heart Of The City Whitesnake
39%
15 The Game Queen
38%
11 Cultösaurus Erectus Blue Öyster Cult
34%
2 Lightning To The Nations Diamond Head
32%
30 Metal Rendez-vous Krokus
31%
18 Flush The Fashion Alice Cooper
29%
16 Scream Dream Ted Nugent
26%
36 G-Force Gary Moore
25%
33 No Place To Run UFO
22%
43 Wild Cat Tygers Of Pan Tang
21%
48 Tomcattin' Blackfoot
19%
14 Progressions Of Power Triumph
19%
45 Head On Samson
18%
31 Frost And Fire Cirith Ungol
17%
3 Give 'Em Hell Witchfynde
16%
9 Rockin' Into The Night 38 Special
14%
50 Invasion Manilla Road
14%
12 Glory Road Gillan
13%
21 Power Supply Budgie
12%
29 If Swallowed Do Not Induce Vomiting (EP) Budgie
12%
46 Beatin' The Odds Molly Hatchet
12%
4 Rèpression Trust
12%
22 Demolition Girlschool
10%
40 Marauder Magnum
10%
25 Rock Hard The Rods
10%
10 Ready For Hell Killer
6%
5 New Hope For The Wretched Plasmatics
6%
27 Dark Room The Angels
5%
49 The Witch Of Berkeley A II Z
4%
37 Official Bootleg Mama's Boys
4%
17 Out To Get You (EP) Hellanbach
3%
47 Arrival Rail
3%
No matching quizzes found
Score Distribution
Percent of People with Each Score
Percentile by Number Answered
Your Score History
You have not taken this quiz